| 000 | 00560aam a2200217 4500 | ||
|---|---|---|---|
| 005 | 20160928140214.0 | ||
| 008 | 150604b xxu||||| |||| 00| 0 spa d | ||
| 041 | _aEspañol | ||
| 082 | _a155.23 L848c | ||
| 100 |
_aLangdon, Ken _916638 |
||
| 245 | _aLas 100 mejores ideas para hacer una carrera de éxito | ||
| 260 | _aMéxico | ||
| 260 | _bMcGraw-Hill | ||
| 260 | _c2002 | ||
| 300 | _a188 páginas | ||
| 650 |
_aPERSONALIDAD _9265 |
||
| 650 |
_aPLAN DE VIDA _923400 |
||
| 650 |
_aIDEAS PARA TRIUNFAR _923401 |
||
| 650 |
_aÉXITO _9462 |
||
| 942 | _cBK | ||
| 999 |
_c1195 _d1195 |
||